000 00856nam a2200301 a 4500
001 vtls001402277
003 NLI
005 20210627113027.0
008 121127s1960 nyu 000 0 eng
020 _cUSD 7.95
039 9 _y201211272016
_zVLOAD
040 _aNLI
_beng
_cDatasoft_2012
_eAACR2
041 0 _aeng
044 _a nyu
082 0 4 _a 720.973
100 1 _aMcCallum, Ian
_9976135
245 1 0 _aArchitecture USA /
_cIan McCallum
260 _aNew York :
_bReinhold Pub.,
_c1960
300 _a216 p. ;
_c28 cm.
504 _aBibliography : p. 213-216
650 0 _aArchitecture
_zUnited States
_9854421
650 0 _aInterior decoration
_zUnited States
_9976136
887 _a
901 _a357890
_b07.12.1963
902 _aE/O 720.973 M 124
949 _AVIRTUAITEM
_D10000
_X100
_6PUR000357890ENG
942 _2ddc
_cBKS
999 _aVIRTUA40
_c856643
_d856643